[Event "Rostock GM"]
[Site "Rostock"]
[Date "2002.08.26"]
[Round "2"]
[White "Szelag, Marcin"]
[Black "Paehtz, Elisabeth"]
[Result "0-1"]
[WhiteElo "2369"]
[BlackElo "2331"]
[Annotator "Konikowski,J"]
[PlyCount "104"]
[EventDate "2002.08.25"]
[EventType "tourn"]
[EventRounds "9"]
[EventCountry "GER"]
[EventCategory "8"]
[SourceTitle "CBM 091"]
[Source "ChessBase"]
[SourceDate "2002.11.12"]
[SourceVersion "1"]
[SourceVersionDate "2002.11.12"]
[SourceQuality "1"]

1. e4 c5 2. Nf3 e6 3. d4 cxd4 4. Nxd4 a6 5. Nc3 b5 6. Bd3 Qb6 7. Nb3 Qc7 8. O-O
Bb7 9. Qe2 Nf6 10. a3 Nc6 11. f4 d6 12. Bd2 Be7 13. Rae1 O-O (13... b4 14. axb4
Nxb4 15. Kh1 Nxd3 16. cxd3 O-O 17. Ra1 Rab8 18. Na5 Ba8 19. Na4 Rfc8 20. Rfc1
Qd8 21. Rxc8 Qxc8 22. Rc1 Qd7 23. b3 Bd8 24. h3 h6 25. Qd1 Qb5 26. Nc4 d5 27.
Nd6 Qxd3 $17 {Sulskis,S-Goldin,A/Geneve 1999/}) (13... Nd7 14. Kh1 Bh4 15. Rc1
Bf6 16. Nd1 O-O 17. c4 bxc4 18. Bxc4 Nb6 19. Bd3 Qd7 20. Nc3 Nd4 21. Nxd4 Bxd4
22. Be3 Bxe3 23. Qxe3 Nc8 24. f5 exf5 25. exf5 Re8 26. Qg3 f6 27. Ne2 Nb6 28.
Nf4 $16 {Hoepfl,T-Burk,D/Germany 1998/}) 14. Nd1 (14. e5 $5 Nd7 15. exd6 Bxd6
16. Ne4 $14) 14... Nd7 15. Qh5 Bf6 (15... Nc5 $5 16. Nxc5 (16. Rf3 Nxb3 17. Rh3
h6 18. cxb3 Bf6 $13) 16... dxc5 17. e5 g6 18. Qg4 c4 19. Be4 Nd4 20. Bxb7 Qxb7
21. Ne3 h5 $13) 16. Qh3 g6 17. Ne3 (17. Bc3 $5) 17... Nd4 $2 {[%mdl 8192]} (
17... Bxb2 $142 18. f5 (18. c3 Bxa3 19. f5 Nce5 20. Bb1 Kh8 $19) 18... Rae8 $17
) 18. Ng4 Nxb3 19. cxb3 $2 (19. Nxf6+ $142 $5 Nxf6 20. cxb3 $16) 19... Bd4+ 20.
Kh1 h5 21. Nh6+ Kg7 22. f5 Ne5 (22... Bxb2 $5) 23. f6+ Kh7 24. Bb1 Bxb2 25. Qh4
(25. g4 $5 $40) 25... Qc5 (25... Bxa3 26. g4 $40) 26. b4 Qd4 27. Qf4 $2 (27.
Bf4 $142) 27... Nc4 $19 28. Rf2 (28. Rd1 Qe5 29. Qh4 Nxd2 $19) 28... Qe5 (28...
Nxd2 $5 29. Rxd2 Qxf6 $19) 29. Qxe5 (29. Qh4 Nxd2 30. Ng4 Qd4 $19) 29... Bxe5
30. Bg5 Nxa3 31. Bd3 Rac8 32. g4 Rc3 33. Rf3 Nc2 34. Rd1 Nxb4 35. Kg1 Nxd3 36.
Rdxd3 Rxd3 37. Rxd3 Bxe4 38. Rh3 Bxf6 (38... b4 $19) 39. Bxf6 Kxh6 40. g5+ Kh7
41. Rc3 Kg8 (41... Ra8 $19) 42. Kf2 Bd5 43. Rc7 b4 44. Ke3 (44. Ra7 Bc4 $19)
44... b3 45. Ra7 Rb8 (45... e5 $142 46. Rxa6 Rb8 47. Ra1 b2 48. Rb1 Ba2 $19)
46. Bb2 Bb7 47. Kd2 Kf8 (47... Rc8 $5 48. Rxb7 Rc2+ 49. Kd3 Rxb2 $19) 48. Kc3
Ke7 49. Kxb3 Kd7 50. Ka4 Kc6 51. Bc3 e5 52. Ka5 Re8 0-1

[Event "Moscow Aeroflot op"]
[Site "Moscow"]
[Date "2002.02.07"]
[Round "4"]
[White "Bartel, Mateusz"]
[Black "Goloshchapov, Alexander"]
[Result "1-0"]
[WhiteElo "2413"]
[BlackElo "2545"]
[Annotator "Konikowski,J"]
[PlyCount "82"]
[EventDate "2002.02.04"]
[EventType "swiss"]
[EventRounds "9"]
[EventCountry "RUS"]
[SourceTitle "CBM 088"]
[Source "ChessBase"]
[SourceDate "2002.03.21"]
[SourceVersion "1"]
[SourceVersionDate "2002.03.21"]
[SourceQuality "1"]

1. e4 c5 2. Nf3 e6 3. d4 cxd4 4. Nxd4 a6 5. Bd3 Bc5 6. Nb3 Be7 7. Nc3 d6 8. O-O
Nf6 9. f4 Qc7 10. Qf3 Nbd7 11. Bd2 b6 12. Rae1 Bb7 13. Kh1 (13. Qh3 e5 14. Kh1
O-O 15. Nd5 Bxd5 16. exd5 Rfe8 17. fxe5 dxe5 18. c4 a5 19. Qg3 Nh5 20. Qf3 Nhf6
21. Qg3 Nh5 22. Qf3 Nhf6 23. Bf5 Rad8 $13 {Tiviakov,S-Kudrin,S/Beijing 1998/})
(13. Nd4 g6 14. Qh3 Qc5 15. Be3 Qh5 16. Qg3 Nc5 17. Nb3 Nxd3 18. cxd3 Ng4 19.
h3 Nxe3 20. Qxe3 O-O 21. Qxb6 Rab8 22. Qe3 Rfc8 23. e5 Qh4 24. d4 $16 {Antal,
G-Wukits,R/Zalakaros 2001/}) 13... g6 14. Qh3 $146 {[%mdl 8]} (14. Qg3 h6 15.
Re2 O-O-O 16. a4 Kb8 17. Na2 Nc5 18. Nxc5 dxc5 19. e5 Nh5 20. Qe1 Ng7 21. Be4
Nf5 22. Bxb7 Qxb7 23. Be3 g5 24. Nc3 g4 25. Rd2 Rxd2 26. Qxd2 h5 27. Bf2 h4 28.
Qe2 g3 29. Bg1 h3 30. Qe4 Nh4 {0-1 Roth,P-Chernin,A/Vienna 1996/}) 14... h5 15.
Nd1 O-O-O 16. Nf2 h4 17. a4 Nh5 18. Qf3 Nc5 19. Qe2 Kb8 (19... Nxa4 20. Bxa6
Nc5 21. Nxc5 dxc5 22. Ra1 $16) 20. Nh3 Nxd3 21. cxd3 Qc2 22. Nd4 Qxa4 (22...
Qxb2 23. Qe3 $36) 23. Bc3 Bf6 24. Qe3 Rc8 25. e5 Bg7 26. Ng5 Qd7 27. Ndf3 dxe5
28. fxe5 Bh6 29. Qxb6 Nf4 30. Bd4 Rc6 31. Qa7+ Kc8 $2 {[%mdl 8192]} (31... Kc7
$142 $5) 32. Ne4 $1 $16 h3 33. gxh3 (33. g3 $5 Nxd3 34. Rd1 $16) 33... Qd5 $2 (
33... Bf8 $8) 34. Nd6+ $18 Rxd6 35. exd6 Nxd3 36. Rd1 e5 37. Rxd3 exd4 38. Qxd4
(38. Rxd4 $142 $18) 38... Qxd4 39. Rxd4 Kd7 40. Kg2 Re8 41. Rd3 Bf4 1-0

[Event "Prerov Friendship GM"]
[Site "Prerov"]
[Date "2001.12.07"]
[Round "4"]
[White "Simacek, Pavel"]
[Black "Antoniewski, Rafal"]
[Result "0-1"]
[WhiteElo "2402"]
[BlackElo "2446"]
[Annotator "Konikowski,J"]
[PlyCount "86"]
[EventDate "2001.12.04"]
[EventType "tourn"]
[EventRounds "11"]
[EventCountry "CZE"]
[EventCategory "9"]
[SourceTitle "CBM 087"]
[Source "ChessBase"]
[SourceDate "2002.03.21"]
[SourceVersion "1"]
[SourceVersionDate "2002.03.21"]
[SourceQuality "1"]

1. e4 c5 2. Nf3 e6 3. d4 cxd4 4. Nxd4 a6 5. Nc3 b5 6. Bd3 Qb6 7. Nf3 Nc6 8. O-O
Qb8 (8... d6 9. a4 b4 10. a5 Qc7 11. Na4 Nxa5 12. Be3 Rb8 13. Qe2 Nf6 14. Nb6
Rxb6 15. Rxa5 Rb8 16. Rfa1 Be7 17. Bxa6 O-O 18. Bxc8 Rfxc8 19. Ra7 Qd8 20. Bg5
h6 21. Bh4 Rc7 22. Qd3 Qd7 23. R7a6 Qc8 24. Nd4 Rc4 25. h3 Kf8 26. Nb5 Rc6 27.
Na7 Rxa6 28. Rxa6 Qb7 29. Nc6 Ra8 30. Rxa8+ Qxa8 31. Nxb4 g5 32. Bg3 Nxe4 33.
Kh2 f5 $17 {Simacek,P-Oral,T/CZE 1999/}) 9. Re1 (9. e5 Nge7 10. Be4 Bb7 11. Re1
Qc7 12. a3 f5 13. exf6 gxf6 14. Nd4 Nxd4 15. Qxd4 Bg7 16. a4 {1/2-1/2 Baklan,
V-Smirin,I/Panormo 2001/}) 9... Nge7 (9... Bb7 10. Bg5 Nge7 11. Qe2 Ng6 12. e5
Ngxe5 13. Nxe5 Nxe5 14. Bf4 d6 15. Bxe5 dxe5 16. Nxb5 axb5 17. Bxb5+ Ke7 18.
Rad1 Kf6 19. Rd7 g6 20. Rxb7 Qxb7 21. Qxe5+ Ke7 22. Qc5+ Kf6 23. Qe5+ Ke7 24.
Qc5+ {Siklosi,Z-Papp,G/Kecskemet 2001/}) 10. e5 $146 {[%mdl 8]} (10. Be3 d6 11.
Qd2 Ng6 12. Nd4 Nxd4 13. Bxd4 Ne5 14. f4 Nc6 15. Bf2 Be7 16. Nd5 exd5 17. exd5
Ne5 18. fxe5 dxe5 19. Qe2 O-O 20. Bd4 exd4 21. Qxe7 g6 22. Qf6 Bb7 23. d6 Bd5
24. Qxd4 Be6 25. Rxe6 fxe6 26. c4 bxc4 27. Bxc4 h5 28. Rc1 Ra7 29. Bxe6+ Kh7
30. h4 Rb7 31. d7 Rxb2 32. Bh3 {1/2-1/2 Grischuk,A-Smirin,I/New Delhi/Theran
2000/}) 10... Ng6 11. Bxg6 hxg6 12. Bf4 f5 13. a4 b4 14. Ne2 Bb7 15. Qd2 Qc7
16. Rad1 Na5 17. b3 Rc8 18. Ned4 Bd5 19. Re3 Qb7 20. Ne1 Nc6 21. Ne2 Ne7 22.
Rg3 Kf7 23. Nd3 a5 24. Be3 Bc6 25. Nef4 Rh6 26. Nb2 g5 27. Rxg5 (27. Nc4 $142
$5 Nd5 28. Nxd5 Bxd5 29. Bxg5 $18) 27... Nd5 28. Nc4 Nc3 29. f3 $2 {[%mdl 8192]
} (29. Nxa5 $142 Qc7 30. Nxc6 Nxd1 31. Na7 Nxe3 32. Nxc8 (32. Qxe3 $2 Qxc2 33.
Qe1 Qe4 $19) 32... Qxe5 33. fxe3 $18) 29... Nxd1 30. Qxd1 Qc7 31. Qd4 Qd8 32.
Nd3 Rg6 33. Rh5 $4 {[%mdl 16384]} (33. Rxg6 $142 Kxg6 34. Qf4 $36) 33... Bxf3
$19 34. Rh8 Rxc4 $1 35. Qxc4 Bd5 36. Qb5 Rxg2+ 37. Kf1 Rxc2 38. Bc5 Bc6 39. Qb6
(39. Rxf8+ Qxf8 40. Bxf8 Bxb5 41. axb5 Kxf8 $19) 39... Qg5 40. Rxf8+ Kg6 41.
Bf2 Bg2+ 42. Kg1 Be4+ 43. Bg3 Bxd3 0-1

[Event "Asia-ch 5th"]
[Site "Hyderabad"]
[Date "2005.10.06"]
[Round "1"]
[White "Zhang, Zhong"]
[Black "Mahjoob, Morteza"]
[Result "1-0"]
[WhiteElo "2598"]
[BlackElo "2418"]
[Annotator "Kritz,L"]
[PlyCount "179"]
[EventDate "2005.10.05"]
[EventType "swiss"]
[EventRounds "9"]
[EventCountry "IND"]
[SourceTitle "CBM 110"]
[Source "ChessBase"]
[SourceDate "2006.01.31"]
[SourceVersion "1"]
[SourceVersionDate "2006.01.31"]
[SourceQuality "1"]

1. e4 c5 2. Nf3 e6 3. d4 cxd4 4. Nxd4 a6 {Das ist eine der ganz populären
Varianten, so spielen heutzutage viele Spitzenspieler.} 5. Nc3 b5 {andere
Hauptfortsetzungen sind} (5... Qc7 6. Bd3 Nf6 7. O-O d6 8. Qe2 $14 {und}) (5...
Nc6 {was zuletzt sehr aktuell geworden ist} 6. Nxc6 (6. Be3 Nf6 7. Qd2 Bb4 8.
f3 d5 9. a3 Qa5 $1 $11) 6... bxc6 7. Bd3 d5 8. O-O $132) 6. Bd3 Qb6 7. Nf3 {
In dieser Variante hat Weiß zwei wichtige Ideen. Er versucht mittels
e5-Lf4-Se4 den schwarzen d Bauer in seiner Bewegung zu begrenzen und damit das
Feld d6 zu erobern, oder wenn Schwarz d6 spielt, dann schaltet Weiß auf den
anderen Plan um - er spielt a4, zwingt den Gegner zu b4 und a5 und spielt dann
am Damenflügel.} (7. Nb3 Qc7 8. O-O Nf6 9. Qe2 d6 10. Bd2 Be7 11. a4 (11. f4
Bb7 12. Kh1 O-O 13. Rae1 Nbd7 $132 {Das ist die alte "klassische" Stellung mit
Chancen für beide Seiten.}) 11... b4 12. Na2 a5 13. c3 bxc3 14. Nxc3 $14) (7.
Be3 Bc5 8. Be2 Nc6 9. Nxc6 dxc6 $1 (9... Bxe3 10. fxe3 dxc6 11. Qd4 $1 {xg7}
Qxd4 12. exd4 $14 {Wegen dem starken Zentrum steht Weiß angenehmer.}) 10. Bxc5
(10. Qd6 $5 Bxd6 $1 (10... Bxe3 11. fxe3 Ra7 12. O-O-O Rd7 (12... Qxe3+ 13. Kb1
$16) 13. Qg3 $14) 11. Bxb6 e5 12. O-O-O Ke7 $11) 10... Qxc5 11. f4 e5 12. f5
Nf6 13. Qd3 Bd7 14. Qg3 Qe7 $1 15. O-O-O O-O-O $11) 7... Nc6 (7... Qc7 8. O-O
Bb7 (8... d6 9. a4 b4 10. Na2 a5 11. c3 bxc3 12. Nxc3 $16) 9. Re1 Bc5 10. Qd2
$1 Be7 (10... Nf6 11. Qg5 $16) (10... h6 11. b4 Be7 (11... Bxb4 12. Nxb5 axb5 (
12... Bxd2 13. Nxc7+ Kd8 14. Nxa8 Bxe1 15. Rb1 $18) 13. Qxb4 $18) 12. a4 $16)
11. b3 d6 12. Bb2 $14) (7... d6 $2 8. a4 b4 (8... bxa4 9. Nxa4 Qc7 10. O-O Nf6
11. Be3 $16) 9. a5 $1 {das ist die eigentliche Idee des Weißen} Qc7 10. Na4 Nd7
(10... Qxa5 11. Be3 Qc7 (11... Nd7 12. Nb6 $18) 12. Nb6 $18) 11. Be3 Rb8 12.
O-O Be7 13. Qe2 $16) 8. O-O Bb7 (8... d6 9. a4 b4 10. a5 $5 (10. Na2 $5 Nf6 11.
Be3 Qb8 12. c3 $14) 10... Nxa5 11. Na4 Qc7 12. Be3 Rb8 13. Nb6 Rxb6 14. Rxa5
Rb8 15. Qa1 $14) (8... Qb8 9. e5 $5 {/\Te1-Lf4-Se4} Nxe5 10. Nxe5 Qxe5 11. Qf3
Qb8 (11... d5 12. Bf4 Qd4 (12... Qf6 13. Nxd5 exd5 14. Rfe1+ Be7 15. Qxd5 Ra7
16. Qc5 $18) 13. a4 $1 (13. Bxb5+ axb5 14. Nxb5 Qa4 15. Nc7+ Kd8 16. Nxa8 Qxa8
17. a4 Nf6 $13) 13... b4 14. Bb5+ $3 axb5 (14... Bd7 15. Bxd7+ Kxd7 16. Rfd1
Qc4 17. Nxd5 exd5 18. Rxd5+ $18) 15. Nxb5 Qxb2 16. Nc7+ Kd8 17. Nxa8 $18) 12.
Bf4 Bb7 (12... d6 13. Rfe1 Nf6 14. Ne4 Bb7 15. Nxf6+ gxf6 16. Be4 Bxe4 17. Qxe4
$44) 13. Be4 Bxe4 14. Nxe4 Qd8 15. Nd6+ Bxd6 16. Bxd6 $14) 9. Bf4 (9. e5 $5
Nge7 10. Re1 Ng6 11. Be4 $14) 9... Nge7 (9... d6 10. a4 b4 11. Ne2 Nf6 12. Qd2
Be7 13. a5 Qc7 (13... Nxa5 14. Be3 Qc7 15. Qxb4 $14) 14. Be3 Nd7 15. Nfd4 $14)
10. Re1 Nc8 $2 {Weiß will ja demnächst e5 spielen. Bei diesem Bauernstruktur
muss man den Springer auf g6 stellen, um den maximalen Druck auf den e-Bauer
zu machen. Auf c8 macht der Springer nichts.} 11. e5 $1 {Weiß droht mit
Se4-Sd6 und Schwarz hat eindeutig nicht genug Gegenspiel.} h6 (11... Nb4 12.
Be4 (12. Ng5 Nxd3 13. Qxd3 d5 $1 {das ist wohl das kleinere Übel} 14. Be3 Qc6
15. Bd4 Nb6 16. b3 $14) 12... Bxe4 13. Nxe4 Nd5 14. Bg5 h6 15. Bh4 g5 16. Bg3
Bg7 17. a4 b4 18. c4 bxc3 19. bxc3 $16) 12. Ne4 Nb4 13. Bf1 Nd5 14. Bg3 Be7 15.
c3 $16 {Weiß hat ein leichtes Spiel. Man kann die Idee b3-c4 spielen, um den
schwarzen Springer zu vertreiben und das Feld d6 noch stärker zu schwächen.
Schwarz dagegen hat gar keine aktiven Möglichkeiten.} O-O 16. a4 Rd8 17. Nd4
bxa4 18. Qxa4 d6 19. exd6 Nxd6 20. Nxd6 Bxd6 21. Qb3 Bc5 22. Qxb6 Bxb6 23. Nb3
a5 24. c4 a4 25. cxd5 axb3 26. Rxa8 Rxa8 27. dxe6 fxe6 28. Rxe6 Bd4 29. Bc4 Kh8
30. h4 Bxb2 31. Bxb3 Bf6 32. Kh2 Rd8 33. Bc2 Bd5 34. Ra6 Ra8 35. Rb6 Kg8 36.
Bg6 Bf7 37. Be4 Re8 38. Bc6 Rc8 39. f3 Bd4 40. Ra6 Bf6 41. Be4 Re8 42. Ra5 Bc3
43. Rb5 Bf6 44. h5 Rd8 45. Bf4 Bc4 46. Rc5 Bf7 47. g4 Be7 48. Rc7 Bf6 49. Kg3
Re8 50. Bc6 Rd8 51. Be4 Re8 52. Rc5 Bd4 53. Rb5 Bf6 54. Kg2 Rd8 55. Rb6 Bd4 56.
Ra6 Bc4 57. Ra4 Be6 58. Bg6 Bf6 59. Ra6 Bc4 60. Rb6 Ba1 61. Bc7 Rc8 62. Bd6 Bd5
63. Kg3 Bd4 64. Rb5 Bf7 65. Bf5 Re8 66. Bc7 Bf6 67. Rc5 Bd4 68. Ra5 Bc3 69. Rb5
Bd4 70. Bd6 Bc3 71. f4 Re3+ 72. Kf2 Re8 73. Be5 Bxe5 74. fxe5 Kf8 75. Kg3 Ra8
76. e6 Be8 77. Rb7 Ra3+ 78. Kf4 Ra4+ 79. Ke5 Ra5+ 80. Kd4 Ra4+ 81. Kc5 Ra5+ 82.
Kc4 Bxh5 83. e7+ Ke8 84. Bd7+ Kxe7 85. gxh5 Ra8 86. Bc6+ Kf8 87. Bd5 Re8 88.
Kd4 Re7 89. Rb8+ Re8 90. Rxe8+ 1-0

[Event "USA-ch GpA"]
[Site "San Diego"]
[Date "2006.03.02"]
[Round "1"]
[White "Benjamin, Joel"]
[Black "Goletiani, Rusudan"]
[Result "1-0"]
[WhiteElo "2576"]
[BlackElo "2378"]
[Annotator "Kritz,L"]
[PlyCount "59"]
[EventDate "2006.03.02"]
[EventType "swiss"]
[EventRounds "9"]
[EventCountry "USA"]
[SourceTitle "CBM 112"]
[Source "ChessBase"]
[SourceDate "2006.06.07"]
[SourceVersion "1"]
[SourceVersionDate "2006.06.07"]
[SourceQuality "1"]

1. e4 c5 2. Nf3 e6 3. Nc3 a6 4. d4 cxd4 5. Nxd4 {Die Partie mündet in die
Hauptvariante.} Qc7 (5... b5 {Ist eine andere Alternative.} 6. Bd3 Qb6 7. Nb3 (
7. Be3 Bc5 8. Be2 Nc6 9. Nxc6 dxc6 $1 (9... Bxe3 10. fxe3 dxc6 11. Qd4 $1 {xg7}
Qxd4 12. exd4 $14 {Wegen dem starken Zentrum steht Weiß angenehmer.}) 10. Bxc5
(10. Qd6 $5 Bxd6 $1 (10... Bxe3 11. fxe3 Ra7 12. O-O-O Rd7 (12... Qxe3+ 13. Kb1
$16) 13. Qg3 $14) 11. Bxb6 e5 12. O-O-O Ke7 $11) 10... Qxc5 11. f4 e5 12. f5
Nf6 13. Qd3 Bd7 14. Qg3 Qe7 $1 15. O-O-O O-O-O $11) (7. Nf3 $5 Nc6 (7... Qc7 8.
O-O d6 9. a4 b4 10. Na2 a5 11. c3 bxc3 12. Nxc3 $16) 8. O-O d6 9. a4 b4 10. a5
$5 Nxa5 11. Na4 Qc7 12. Be3 Rb8 13. Nb6 Rxb6 14. Rxa5 Rb8 15. Qa1 $14) 7... Qc7
8. O-O Nf6 9. Qe2 d6 10. Bd2 Be7 11. a4 (11. f4 Bb7 12. Kh1 O-O 13. Rae1 Nbd7
$132 {Das ist die alte "klassische" Stellung mit Chancen für beide Seiten.})
11... b4 12. Na2 a5 13. c3 bxc3 14. Nxc3 $14) 6. Bd3 Bc5 $6 {Diese Zugfolge
ist nicht optimal.} (6... Nf6 7. O-O Be7 8. Kh1 Nc6 (8... O-O 9. f4 d6 10. Qf3
$16 {Es entsteht typische Scheveningenstellung, wo Schwarz sich schon mit dem
Zug Qc7 festgelegt hat und Weiß statt Be2-Bf3/Bd3 sofort Bd3 gezogen hat und
damit ein Tempo gewonnen hat, was in solch scharfen Stellungen sehr stark die
Stellungsbewertung beeinflussen kann.}) 9. Nxc6 $5 bxc6 {Ähnliche Stellungen
erhält man in der Variante 1.e4 c5 2.Nf3 e6 3.d4 cd 4.Nd4 a6 5.Nc3 Nc6 6.Nc6
bc 7.Bd3. Der Zug Qc7 ist hier nicht unbedingt notwendig.} (9... dxc6 10. f4 e5
11. f5 $16 {Erneut entsteht eine ähnliche Struktur wie in der Miezis-Variante,
nur statt den Läufer auf c5 zu entwickeln, steht er jetzt passiv auf e7.}) 10.
f4 d5 11. Qf3 Bb7 (11... O-O 12. Bd2 Bb7 13. Qh3 $14 {Es ist gefährlich für
Schwarz zu früh zu rochieren - Weiß könnte starke Initiative am Königsflügel
entwickeln.}) 12. f5 e5 13. Qg3 d4 14. Nb1 $1 c5 15. Nd2 $14 {Weiß bekam gutes
Spiel in Timofeev - Volokitin (Sarajevo, 2005)}) (6... Nc6 7. Nxc6 dxc6 8. O-O
e5 9. f4 Bc5+ 10. Kh1 Nf6 11. f5 h5 12. Qf3 Ng4 13. Bg5 $14 {Diese Variante
wird sehr oft von dem lettischen GM Normunds Miezis gespielt. Seine Partien
kann man als Beispiel für das schwarze Spiel nehmen, allerdings bleibt die
Stellung trotzdem besser für Weiß.}) (6... Bb4 {Macht wenig Sinn, da das
Nehmen auf c3 sehr gefährlich ist:} 7. O-O Bxc3 (7... Nf6 8. Bd2 Be7 9. Qe2 $16
{De Firmian - Forsaa (Politiken Cup, 2005)}) 8. bxc3 Qxc3 9. Rb1 $1 Ne7 (9...
Qxd4 10. Bb2 Qc5 11. Bxg7 $18) 10. Bb2 Qc7 11. Qg4 Ng6 12. e5 b5 13. f4 $16) 7.
Nb3 Ba7 $2 (7... Be7 {ist in dieser Situation zwar gefährlich, aber doch
besser.} 8. Qg4 g6 9. Bg5 $1 d6 10. Bxe7 Nxe7 11. O-O-O e5 12. Qg5 Be6 13. f4
$16 {Carlsen - Kveinys (Reykjavik, 2006)}) 8. Qg4 Ne7 {Hier sieht man, warum
diese Zugfolge von Schwarz selten gewählt wird - die Dame wird in jeder
Variante auf d8 gebraucht:} (8... Nf6 $4 9. Qxg7 $18 {da der Springer f6 nicht
mehr gedeckt ist}) (8... g6 {scheint der einzige Zug zu sein, der zu einer
schweren Stellung führt, aber nicht sofort verliert} 9. Bf4 Qd8 10. Bd6 Nc6 11.
O-O-O Bb8 12. Be2 Bxd6 13. Rxd6 $16) 9. Qxg7 (9. Bf4 $1 {gewinnt noch
einfacher.} e5 10. Qxg7 Rg8 11. Nd5 $1 Rxg7 12. Nxc7+ Kd8 13. Bxe5 Rxg2 14.
Nxa8 $18) 9... Rg8 10. Qxh7 Rxg2 11. Bd2 $1 Nbc6 (11... Bxf2+ 12. Kf1 $18) (
11... Rxf2 12. Qh8+ $18) 12. O-O-O Qe5 (12... Rxf2 $4 13. Qh8+ $18) (12... Bxf2
13. Rdf1 Ne5 14. Rxf2 Rxf2 15. Qh8+ Ng8 16. Qxg8+ Ke7 17. Bg5+ f6 (17... Kd6
18. Qf8+ Kc6 19. Qc5#) 18. Be3 Nxd3+ 19. cxd3 Rxh2 20. Rg1 $18) 13. f4 Qg7 14.
Qxg7 Rxg7 15. e5 $18 {Keine Chance mehr für Schwarz - Mehrbauer und großer
Entwicklungsvorsprung entscheiden die Partie für Weiß.} Nb4 16. Be2 Nbd5 17.
Ne4 Nf5 18. c4 Nde7 19. Kb1 Kf8 20. Bb4 Be3 21. Ng3 Bxf4 22. Nxf5 exf5 23. Nd4
Rg2 24. Nxf5 Rxe2 25. Bxe7+ Ke8 26. Rhg1 d5 27. Rg8+ Kd7 28. Rxd5+ Kc7 29. Bd8+
Kb8 30. Bb6 1-0